| 000 | 00576nam a2200205 i 4500 | ||
|---|---|---|---|
| 001 | 56672 | ||
| 003 | ES-MaACL | ||
| 005 | 20250710062722.0 | ||
| 007 | t| | ||
| 008 | 031010s1953 fr ||||1| fre d | ||
| 100 | 1 |
_aDiole, Philippe. _944849 |
|
| 245 | 1 | 2 |
_aL'Exploration sousmarine / _cpar Philippe Diole. |
| 250 | _a[1er ed.]. | ||
| 260 |
_aParis : _bPresses Universitaires de France, _c1953. |
||
| 300 |
_a119 p. ; _c18 cm. |
||
| 490 | 1 |
_aQue sais-je? ; _v589 |
|
| 830 | 0 | 0 |
_aQue sais-je? _v589 _9180931 |
| 852 |
_aES-MaACL _jC-15617 _bR.43455 |
||
| 999 |
_c56672 _d56672 |
||